| 000 -LEADER |
| fixed length control field |
00800nam a22001817a 4500 |
| 005 - DATE AND TIME OF LATEST TRANSACTION |
| control field |
20191114153652.0 |
| 008 - FIXED-LENGTH DATA ELEMENTS--GENERAL INFORMATION |
| fixed length control field |
191114s2013 en ||||| |||| 00| 0 eng d |
| 080 ## - UNIVERSAL DECIMAL CLASSIFICATION NUMBER |
| Universal Decimal Classification number |
37.01 E-65 |
| 245 ## - TITLE STATEMENT |
| Title |
Equity in Learning? |
| Remainder of title |
A COMPARATIVE ANALYSIS OF THE PISA 2009 RESULTS IN CENTRAL AND EASTERN EUROPE AND THE COMMONWEALTH OF INDEPENDENT STATES / |
| Statement of responsibility, etc. |
Edit. Stephen Boyle. |
| 264 ## - PRODUCTION, PUBLICATION, DISTRIBUTION, MANUFACTURE, AND COPYRIGHT NOTICE |
| Place of production, publication, distribution, manufacture |
Geneva, |
| Date of production, publication, distribution, manufacture, or copyright notice |
2013. |
| 300 ## - PHYSICAL DESCRIPTION |
| Extent |
141 p.: |
| Other physical details |
ill.: |
| Dimensions |
29 cm. |
| 653 ## - INDEX TERM--UNCONTROLLED |
| keyword |
განათლება |
| 653 ## - INDEX TERM--UNCONTROLLED |
| keyword |
სწავლა |
| 700 ## - ADDED ENTRY--PERSONAL NAME |
| Personal name |
Boyle, Stephen |
| Relator term |
რედაქტორი |
| 9 (RLIN) |
5345 |
| 710 ## - ADDED ENTRY--CORPORATE NAME |
| Relator term |
Unicief |
| 9 (RLIN) |
5346 |
| 856 ## - ELECTRONIC LOCATION AND ACCESS |
| Uniform Resource Identifier |
http://education-equity.org/wp-content/uploads/2013/12/UNICEF-Learnig-Lessons_PISA-Results_Proof-9.pdf |
| Link text |
pdf, ელექტრონული ვერსია |
| 942 ## - ADDED ENTRY ELEMENTS (KOHA) |
| Source of classification or shelving scheme |
|
| Koha item type |
წიგნი |